00587nam a2200157 i 450000100060000000300090000600500170001500700030003200800410003511100600007624501620013626000540029830000110035271000460036385200200040946234ES-MaACL20230906161339.0t|030328s1925 sp ||||1| spa d2 aConferencia Nacional de la Minería (d1925. cMadrid)10aConferencia Nacional de la Minería [celebrado] durante los días 18 al 23 de abril de 1925 / cPresidencia de Gobierno, Consejo de la Economía Nacional. aMadrid : b[s.n., c1925] (fGráficas Reunidas) a461 p.2 aConsejo de Economía Nacional (España) aES-MaACLjG-828